Disney Pixar Trivia Quiz - Hard - Statistics

General Stats
  • This quiz has been taken 493 times
  • The average score is 12 of 51
Answer Stats
Answer % Correct
Three
83%
2319
58%
Pizza Planet
54%
Insurance
50%
Bowling
48%
The Piston Cup
48%
Fire (bursts into flames)
47%
Anyone can cook!
46%
Little Chef
42%
Tack
41%
Bomb Voyage
37%
Shark bait
36%
P Sherman, 42 Wallaby Way, Sydney.
30%
Stickers
30%
Blue whale
26%
George Sanderson
25%
A statue of Stanley
24%
CDA
23%
Mrs Nesbitt
23%
Assisting the Elderly
21%
Angus
20%
Dante
20%
Food checker/to check for poision
20%
Frank
19%
If I Didn't Have You
19%
Little Mikey
19%
A cockroach
18%
Garbage boy
18%
Un Poco Loco
18%
Ernesto de la Cruz
17%
Scud
16%
He never knew his father
15%
His left leg
15%
Shoes
15%
Charles Muntz
13%
Bed sheets
12%
Defrauded a major corporation, robbed the second-largest bank in France using only a ball-point pen, created a hole in the ozone, killed a man with this thumb!
12%
Harris, Hubert, and Hamish
12%
Rubik's Cube
12%
10 minutes
10%
Balloon Salesman
7%
DunBroch
7%
Muuuummm It's just my bow
6%
Because he loves him
5%
Watching an old movie
5%
To collect interesting things he finds, his "treasures"
4%
He was poisioned
3%
Sector 12
3%
They tie his leg to the table leg.
3%
Waste Allocation Load Lifter - Earth Class
3%
Tiny mailman
2%
No matching quizzes found
Score Distribution
Percent of People with Each Score
Percentile by Number Answered
Your Score History
You have not taken this quiz